Idol by kpop groups - Statistics

General Stats
  • This quiz has been taken 132 times
  • The average score is 143 of 214
Answer Stats
Wskazówka Odpowiedź % Correct
BTS Jin
99%
BTS Suga
99%
BTS-y RM
98%
BTS Jimin
98%
SEVENTEEN Jun
98%
ATEEZ San
98%
STRAY KIDS Bang Chan
97%
STRAY KIDS Han
97%
BTS J-hope
97%
BTS Jungkook
97%
BLACK PINK Lisa
97%
BLACK PINK Rose
97%
BTS V
97%
EXO Chen
96%
STRAY KIDS Felix
96%
BLACK PINK Jennie
96%
BLACK PINK Jisoo
96%
STRAY KIDS Hyunjin
95%
STRAY KIDS I.N
95%
STRAY KIDS Changbin
94%
EXO Kai
94%
STRAY KIDS Lee know
94%
ENHYPEN Niki
94%
ENHYPEN Jay
93%
AESPA Karina
91%
LESSERAFIM Sakura
91%
STRAY KIDS Seungmin
91%
TXT Soobin
91%
ENHYPEN Sunoo
91%
TXT Taehyun
91%
TXT Yeonjun
91%
LESSERAFIM Chaewon
90%
ENHYPEN Jake
90%
TXT Beomgyu
89%
SEVENTEEN Dino
89%
AESPA Giselle
89%
ITZY Lia
89%
BOYNEXTDOOR Sungho
89%
AESPA Winter
89%
ITZY Yeji
89%
ENHYPEN Heeseung
88%
TWICE Nayeon
88%
NEW JEANS Danielle
86%
SEVENTEEN DK
86%
SEVENTEEN Hoshi
86%
TWICE Momo
86%
ENHYPEN Sunghoon
86%
TXT Huening Kai
85%
SEVENTEEN Mingyu
85%
(G)I-DLE Minnie
85%
AESPA Ningning
85%
SEVENTEEN S.Coups
85%
(G)I-DLE Soyeon
85%
ITZY Yuna
85%
ENHYPEN Jungwon
84%
NMIXX Lily
84%
SEVENTEEN The8
84%
IVE Wonyoung
84%
LESSERAFIM Yunjin
84%
TWICE Dahyun
83%
RED VELVET Irene
83%
LESSERAFIM Kazuha
83%
ITZY Ryujin
83%
(G)I-DLE Yuqi
83%
NEW JEANS Hanni
82%
NCT 127 | NCT DREAM Mark
82%
TWICE Mina
82%
ATEEZ Mingi
82%
RED VELVET Seulgi
82%
TWICE Tzuyu
82%
SEVENTEEN Vernon
82%
NMIXX Bae
81%
ITZY Chaeryeong
81%
TWICE Jihyo
81%
TWICE Sana
81%
ATEEZ Wooyoung
81%
LESSERAFIM Eunchae
80%
SEVENTEEN Wonwoo
80%
IVE | ZEROBASEONE Yujin
80%
NEW JEANS Haerin
79%
SEVENTEEN Joshua
79%
ATEEZ Seonghwa
79%
SEVENTEEN Seungkwan
79%
SEVENTEEN Woozi
79%
ATEEZ Yeosang
79%
TWICE Chaeyoung
78%
RED VELVET Joy
78%
P1HARMONY Keeho
78%
(G)I-DLE Miyeon
78%
(G)I-DLE Shuhua
78%
SHINEE Taemin
78%
RED VELVET Wendy
78%
ATEEZ Hongjoong
77%
ATEEZ Jongho
77%
ATEEZ Yunho
77%
NEW JEANS Hyein
76%
SEVENTEEN Jeonghan
76%
TWICE Jeongyeon
76%
NEW JEANS Minji
76%
8TURN | BOYNEXTDOOR | NCT 127 Jaehyun
74%
SHINEE Key
73%
RED VELVET Yeri
73%
IVE Rei
72%
IVE Gaeul
71%
IVE Liz
71%
P1HARMONY Soul
71%
8TURN | SHINEE Minho
70%
ZEROBASEONE Ricky
70%
EXO D.O
69%
NMIXX Jiwoo
69%
NCT 127 Johnny
69%
NCT DREAM Jisung
68%
NCT 127 Taeyong
67%
EXO Baekhyun
66%
THE BOYZ Eric
66%
P1HARMONY Intak
66%
NCT DREAM Jaemin
66%
IVE Leeseo
66%
NCT 127 Yuta
66%
NCT 127 | NCT DREAM Haechan
65%
WAYV Ten
65%
NCT 127 | TREASURE Doyoung
64%
MONSTA X I.M
64%
EXO Suho
64%
NMIXX Sullyoon
64%
NCT 127 Taeil
64%
P1HARMONY Theo
64%
NCT DREAM Chenle
63%
SHINEE Onew
63%
NCT 127 Jungwoo
61%
RIIZE Shotaro
61%
THE BOYZ Kevin
60%
RIIZE Wonbin
60%
NCT DREAM Jeno
59%
NCT DREAM Renjun
59%
WAYV Xiaojun
59%
RIIZE Anton
58%
THE BOYZ Q
58%
EXO Sehun
58%
EXO Chanyeol
57%
WAYV Kun
57%
NMIXX Kyujin
57%
WAYV Yangyang
57%
NMIXX haewon
56%
ZEROBASEONE Hanbin
56%
WAYV Hendery
56%
RIIZE Sungchan
56%
THE BOYZ Sunwoo
56%
WAYV Winwin
56%
ZEROBASEONE Matthew
55%
BOYNEXTDOOR Leehan
54%
RIIZE Sohee
54%
EXO Xiumin
54%
ZEROBASEONE Gyuvin
53%
THE BOYZ Jacob
53%
ZEROBASEONE Zhang Hao
52%
P1HARMONY Jiung
51%
THE BOYZ New
51%
ZEROBASEONE Gunwook
49%
RIIZE Seunghan
49%
ZEROBASEONE Taerae
49%
TREASURE Haruto
48%
MONSTA X Shownu
48%
ZEROBASEONE Jiwoong
47%
MONSTA X Hyungwon
46%
BOYNEXTDOOR Taesan
46%
TREASURE Yoshi
46%
P1HARMONY Jeongseob
45%
BOYNEXTDOOR Riwoo
45%
BOYNEXTDOOR Woonhak
45%
THE BOYZ Juyeon
44%
MONSTA X Minhyuk
44%
MONSTA X Joohoney
43%
RIIZE Eunseok
42%
TREASURE Asahi
40%
THE BOYZ Juhaknyeon
40%
MONSTA X Kihyun
39%
THE BOYZ Younghoon
39%
THE BOYZ Hyunjae
38%
CIX | TREASURE Hyunsuk
38%
XIKERS Hunter
36%
THE BOYZ Sangyeon
36%
XIKERS Sumin
33%
TREASURE Jihoon
32%
TREASURE Junghwan
29%
TREASURE Junkyu
28%
TREASURE Jaehyuk
27%
TREASURE Jeongwoo
26%
XIKERS Yechan
26%
CIX Jinyoung
25%
XIKERS Seeun
24%
XIKERS Minjae
22%
XIKERS Hyunwoo
21%
XIKERS Jinsik
21%
XIKERS Junghoon
21%
XIKERS Junmin
20%
XIKERS Yujun
20%
CIX BX
17%
8TURN Kyungmin
17%
CIX Seunghun
15%
CIX Yonghee
15%
8TURN Haemin
14%
8TURN Myungho
13%
8TURN Seungheon
11%
8TURN Yungyu
11%
8TURN Yoonsung
8%
No matching quizzes found
Score Distribution
Percent of People with Each Score
Percentile by Number Answered
Your Score History
You have not taken this quiz